000 00976nam a22002897a 4500
003 CHAP
005 20220329135820.0
008 971013s r 00010 d
010 _a42725
011 _a43697
035 _a47833
040 _cCHAP
082 _a333.91
_bM49
110 _aMéxico. Dirección General de Usos del Agua y Prevención de la Contaminación
_977050
245 _aUsos del agua en la cuenca del Valle de México, marco de referencia de los usos del agua a nivel municipal
260 _a(s.l. :
_bs.e.),
_c(s.a.)
300 _as.p
500 _aLa biblioteca tiene: anexo
590 _aBATCH-UPD
_b10
_c20130110
_lUCH01
_h2049
590 _aBATCH-UPD
_b10
_c20130410
_lUCH01
_h1402
590 _aBATCH-UPD
_b10
_c20141001
_lUCH01
_h1311
590 _aCONVERSION
_b10
_c20130109
_lUCH01
_h1323
650 1 4 _aAgua
_xUtilización.
_92401
901 _aBK
942 _cLIBRO
949 _a333.91 M49
_bBC
_cLIBRO
_d33724000333506
_eLIBRO
_h43571
_i47833
_mD
_si
999 _c42725
_d42725